000 00431nam a2200193Ia 4500
005 20240823034942.0
008 240823s9999||||xx |||||||||||||| ||und||
020 _a978-81-7223-971-8
041 _aENGLISH
082 _A813.6 Q0
100 _aAnosh Irani
245 0 _aDahanu Road
250 _a1st
260 _c2010
_bHarper Collins Publi
500 _aYES
650 _aNovel
_bEnglish
942 _cBK
999 _c199523
_d199523